Hiệu quả hạ đường huyết trên chuột bằng thảo dược địa phương : Báo cáo tổng kết đề tài khoa học và công nghệ cấp Trường

Nội dung đề tài tìm nguồn dược liệu hiệu quả thay thế các thuốc tân dược nhiều tác dụng phục, giá thành cao. Đề tài góp phần đánh giá nguồn tìa nguyên thực vật theo hướng dược liệu một cách khoa học và hệ thống....

সম্পূর্ণ বিবরণ

সংরক্ষণ করুন:
গ্রন্থ-পঞ্জীর বিবরন
প্রধান লেখক: Đái, Thị Xuân Trang
বিন্যাস: গ্রন্থ
ভাষা:Undetermined
প্রকাশিত: Cần Thơ Trường Đại học Cần Thơ 2012
বিষয়গুলি:
ট্যাগগুলো: ট্যাগ যুক্ত করুন
কোনো ট্যাগ নেই, প্রথমজন হিসাবে ট্যাগ করুন!
Thư viện lưu trữ: Trung tâm Học liệu Trường Đại học Cần Thơ
LEADER 01272nam a2200217Ia 4500
001 CTU_203557
008 210402s9999 xx 000 0 und d
082 |a 615.321 
082 |b Tr106 
088 |a T2012-61 
100 |a Đái, Thị Xuân Trang 
245 0 |a Hiệu quả hạ đường huyết trên chuột bằng thảo dược địa phương : 
245 0 |b Báo cáo tổng kết đề tài khoa học và công nghệ cấp Trường 
245 0 |c Đái Thị Xuân Trang (chủ nhiệm đề tài) ; Bùi Tấn Anh, Trần Thanh Mến (tham gia thực hiện) 
260 |a Cần Thơ 
260 |b Trường Đại học Cần Thơ 
260 |c 2012 
520 |a Nội dung đề tài tìm nguồn dược liệu hiệu quả thay thế các thuốc tân dược nhiều tác dụng phục, giá thành cao. Đề tài góp phần đánh giá nguồn tìa nguyên thực vật theo hướng dược liệu một cách khoa học và hệ thống. 
650 |a Plant extracts,Chiết xuất thực vật,Herbal medicine,Thảo dược 
904 |i Qhieu 
980 |a Trung tâm Học liệu Trường Đại học Cần Thơ